[Event "Tonsberg Autumn"]
[Site "Tonsberg"]
[Date "2014.09.15"]
[Round "2"]
[White "Johansen, Kjell H"]
[Black "Scheibe, Ulrich"]
[Result "0-1"]
[WhiteElo "1411"]
[BlackElo "1457"]
[PlyCount "46"]
[EventDate "2014.09.09"]
[EventType "swiss"]
[EventRounds "9"]
[EventCountry "NOR"]
[SourceTitle "EXT 2024"]
[Source "ChessBase"]
[SourceDate "2023.10.10"]
[SourceVersion "1"]
[SourceVersionDate "2023.10.10"]
[SourceQuality "1"]

1. c4 Nf6 2. Nc3 c5 3. g3 g6 4. Bg2 Bg7 5. Nf3 0-0 6. 0-0 Nc6 7. e4 e5 8. a3 d6 9. d3 Nh5 10. Nd5 f5 11. Ng5 f4 12. gxf4 exf4 13. Nf3 g5 14. h3 g4 15. hxg4 Bxg4 16. Qe1 Qd7 17. Kh2 Qd8 18. Rb1 Nd4 19. Nxd4 Qh4+ 20. Kg1 Bxd4 21. Bd2 f3 22. Be3 fxg2 23. Kxg2 Bf3+ 0-1

[Event "Tonsberg Autumn"]
[Site "Tonsberg"]
[Date "2014.09.09"]
[Round "1"]
[White "Scheibe, Ulrich"]
[Black "Kvalsund, Jon Emil"]
[Result "1-0"]
[WhiteElo "1457"]
[BlackElo "1467"]
[PlyCount "57"]
[EventDate "2014.09.09"]
[EventType "swiss"]
[EventRounds "9"]
[EventCountry "NOR"]
[SourceTitle "EXT 2024"]
[Source "ChessBase"]
[SourceDate "2023.10.10"]
[SourceVersion "1"]
[SourceVersionDate "2023.10.10"]
[SourceQuality "1"]

1. e4 e5 2. Nf3 Nc6 3. Bc4 d6 4. c3 Bg4 5. h3 Bh5 6. 0-0 Qd7 7. d3 Nf6 8. Be3 Na5 9. Bb3 Nxb3 10. axb3 a6 11. Nbd2 Be7 12. Qc2 0-0 13. Nh2 Bg6 14. f4 exf4 15. Bxf4 Nh5 16. Be3 Ng3 17. Rf3 Bh4 18. Bf2 Ne2+ 19. Kf1 Bxf2 20. Kxf2 f5 21. Kxe2 fxe4 22. dxe4 d5 23. Qd3 Rae8 24. Raf1 Rxf3 25. Rxf3 Qe6 26. Re3 b5 27. Qxd5 Qxd5 28. exd5 Rd8 29. c4 1-0